000 00619nam a22001937a 4500
003 OSt
005 20250822080543.0
008 250822b |||||||| |||| 00| 0 eng d
020 _a9789712728570
040 _cOC
082 _2 Revised edition
_aFil.
100 _aMAXIMIANO, JOSE MARIO B
245 _aBusiness ethics and corporate social responsibility /
260 _aMandaluyong City, Philippines :
_b Anvil,
_cc2014.
300 _a xxii, 182 pages ;
_c 22 cm.
504 _a
650 _2Business ethics. 2. Social responsibility of business. I. Title.
942 _2ddc
_cBK - FIL
_eRevised edition
_kFil.
_n0
999 _c4209
_d4209